000 00629cab a2200229 4500
001 ABS52290
008 090401t1995 xxu||||| |||| 00| 0 eng d
035 _a(Sirsi) u71156
041 _aeng
100 _aDoyle, N.
245 _aNet benefit
260 _c1995
350 _a0
490 _aNew Builder
_v(246) 17 February 1995, 20-24(2)
520 _aDiscusses the Internet system and the explosion in electronic mail.
650 _aCOMMUNICATION SYSTEMS
650 _aELECTRONIC MAIL
650 _aINTERNET
690 _aMANAGEMENT-BUSINESS MANAGEMENT-INFORMATION MANAGEMENT
942 _n0
948 _c04/03/1997
999 _c44823
_d44823